Faculty of Law Library — Cairo University

Official Online Catalog

Criminal procedure : (Record no. 49816)

MARC details
000 -LEADER
fixed length control field 01254cac a2200373 i 4500
003 - CONTROL NUMBER IDENTIFIER
control field EG-GICUC
005 - DATE AND TIME OF LATEST TRANSACTION
control field 20260121101452.0
008 - FIXED-LENGTH DATA ELEMENTS--GENERAL INFORMATION
fixed length control field 061218s2006 mnu frb 001 0 eng d
020 ## - INTERNATIONAL STANDARD BOOK NUMBER
International Standard Book Number 9780314166654
Qualifying information alk. paper
020 ## - INTERNATIONAL STANDARD BOOK NUMBER
International Standard Book Number 9780314166678
Qualifying information teacher's manual
020 ## - INTERNATIONAL STANDARD BOOK NUMBER
International Standard Book Number 0314166653
Qualifying information alk. paper
040 ## - CATALOGING SOURCE
Original cataloging agency DLC
Transcribing agency DLC
Language of cataloging eng
Modifying agency EG-GiCUC
Description conventions rda
043 ## - GEOGRAPHIC AREA CODE
Geographic area code n-us---
050 00 - LIBRARY OF CONGRESS CALL NUMBER
Classification number KF9618
Item number .D66 2006
082 04 - DEWEY DECIMAL CLASSIFICATION NUMBER
Edition number 21
Classification number 343.1073
092 04 - LOCALLY ASSIGNED DEWEY CALL NUMBER (OCLC)
Edition number 21
099 ## - LOCAL FREE-TEXT CALL NUMBER (OCLC)
Classification number Law 10 2006
100 1# - MAIN ENTRY--PERSONAL NAME
Personal name Dressler, Joshua.
245 10 - TITLE STATEMENT
Title Criminal procedure :
Remainder of title principles, policies, and perspectives /
Statement of responsibility, etc. by Joshua Dressler, George C. Thomas III.
250 ## - EDITION STATEMENT
Edition statement 3rd edition.
264 ## - PRODUCTION, PUBLICATION, DISTRIBUTION, MANUFACTURE, AND COPYRIGHT NOTICE
Place of production, publication, distribution, manufacture St. Paul, MN :
Name of producer, publisher, distributor, manufacturer Thomson/West,
Date of production, publication, distribution, manufacture, or copyright notice 2006.
300 ## - PHYSICAL DESCRIPTION
Extent lxvii, 1422 page ;
Dimensions 27 cm.
336 ## - CONTENT TYPE
Content type term text
Content type code txt
Source rdacontent
337 ## - MEDIA TYPE
Media type term unmediated
Media type code n
Source rdamedia
338 ## - CARRIER TYPE
Carrier type term volume
Carrier type code nc
Source rdacarrier
490 0# - SERIES STATEMENT
Series statement American casebook series
504 ## - BIBLIOGRAPHY, ETC. NOTE
Bibliography, etc. note Includes bibliographical references and index.
525 ## - SUPPLEMENT NOTE
Supplement note Kept up to date by supplement.
650 #0 - SUBJECT ADDED ENTRY--TOPICAL TERM
Topical term or geographic name entry element Criminal procedure
Geographic subdivision United States
Form subdivision Cases.
700 1# - ADDED ENTRY--PERSONAL NAME
Personal name Thomas, George C.
Fuller form of name (George Conner),
Dates associated with a name 1947-
856 40 - ELECTRONIC LOCATION AND ACCESS
Uniform Resource Identifier <a href="https://fll.law.cu.edu.eg/fulltext/bks/ENGB10-00024.pdf">https://fll.law.cu.edu.eg/fulltext/bks/ENGB10-00024.pdf</a>
905 ## - Cataloger and Reviser Names
Cataloger Name: Hend El khosy
942 ## - ADDED ENTRY ELEMENTS (KOHA)
Source of classification or shelving scheme Dewey Decimal Classification
Koha item type Books
Edition 21
Suppress in OPAC No
Holdings
Withdrawn status Lost status Source of classification or shelving scheme Damaged status Not for loan Collection Home library Current library Date acquired Total checkouts Full call number Barcode Date last seen Copy number Price effective from Koha item type Public note
    Dewey Decimal Classification     القانون الجنائي جــــامعة القــاهرة مكتبة كلية الحقوق - فـرع الشيخ زايد 11.12.2025   Law2 10 343.3073 DR . C 3 ed -2006 1000139 C1 ENGB10-00139 11.12.2025 1 11.12.2025 Books 2072

© All rights reserved — Faculty of Law, Cairo University